[Event "Chigorin Mem Blitz 2014"]
[Site "St Petersburg RUS"]
[Date "2014.10.17"]
[Round "1.1"]
[White "Smirin, Ilia"]
[Black "Bublei, Pavel"]
[Result "1-0"]
[WhiteTitle "GM"]
[BlackTitle "FM"]
[WhiteElo "2655"]
[BlackElo "2339"]
[WhiteFideId "2801990"]
[BlackFideId "24112593"]
[EventDate "2014.10.17"]

1. e4 c6 2. d3 d5 3. Nd2 Nd7 4. Ngf3 Qc7 5. d4 dxe4 6. Nxe4 Ngf6 7. Bd3 Nxe4 8.
Bxe4 Nf6 9. Bd3 Bg4 10. h3 Bh5 11. Bg5 e6 12. O-O Be7 13. Re1 O-O 14. c3 Rad8
15. Qe2 Rfe8 16. Rad1 a6 17. Bb1 c5 18. Bxf6 Bxf6 19. Qd3 Bg6 20. Qc4 Rc8 21.
Bxg6 hxg6 22. d5 b5 23. Qe4 Kf8 24. d6 Qd7 25. g4 g5 26. Qh7 g6 27. Nxg5 Bg7 28.
Re3 Rc6 29. Rf3 f6 30. Qxg6 1-0

[Event "Chigorin Mem Blitz 2014"]
[Site "St Petersburg RUS"]
[Date "2014.10.17"]
[Round "1.2"]
[White "Valov, Ilya"]
[Black "Andriasian, Zaven"]
[Result "0-1"]
[WhiteTitle "FM"]
[BlackTitle "GM"]
[WhiteElo "2213"]
[BlackElo "2622"]
[WhiteFideId "4199251"]
[BlackFideId "13302000"]
[EventDate "2014.10.17"]

1. d4 Nf6 2. Nf3 c5 3. c4 g6 4. g3 Bg7 5. Bg2 O-O 6. O-O cxd4 7. Nxd4 d6 8. Nc3
Nbd7 9. b3 Ne5 10. Bb2 Rb8 11. h3 Bd7 12. Qd2 h5 13. f4 Nc6 14. Nxc6 Bxc6 15.
Rfd1 Bxg2 16. Kxg2 Re8 17. e4 Qc8 18. Qe2 b6 19. Rac1 Qb7 20. Nd5 Rbd8 21. Re1
Nxd5 22. cxd5 Bxb2 23. Qxb2 e6 24. Qd4 e5 25. fxe5 Rxe5 26. Rc6 Qe7 27. a4 f5
28. Rc4 Re8 29. a5 bxa5 30. Kf3 fxe4+ 31. Rxe4 Rxe4 32. Qxe4 Qf7+ 33. Qf4 Qxd5+
34. Kf2 Rf8 0-1

[Event "Chigorin Mem Blitz 2014"]
[Site "St Petersburg RUS"]
[Date "2014.10.17"]
[Round "1.3"]
[White "Kazhgaleyev, Murtas"]
[Black "Pisakov, Ilia"]
[Result "1-0"]
[WhiteTitle "GM"]
[BlackTitle "FM"]
[WhiteElo "2566"]
[BlackElo "2303"]
[WhiteFideId "13700316"]
[BlackFideId "4139020"]
[EventDate "2014.10.17"]

1. d4 d5 2. c4 c6 3. cxd5 cxd5 4. Bf4 Nc6 5. e3 a6 6. Nc3 e6 7. Nf3 f5 8. Be2
Nf6 9. O-O Be7 10. Rc1 O-O 11. Ne5 Bd7 12. Na4 Nxe5 13. Bxe5 Bxa4 14. Qxa4 Rc8
15. Rc3 Rxc3 16. bxc3 Bd6 17. Bxd6 Qxd6 18. c4 Ne4 19. cxd5 Nc3 20. Qc4 Nxe2+
21. Qxe2 Qxd5 22. Rc1 e5 23. Rc5 Qe4 24. Rxe5 Qb1+ 25. Qf1 Qxa2 26. Qc1 f4 27.
exf4 Rxf4 28. Qe1 Rxd4 29. Re8+ Kf7 30. Re7+ Kf8 31. h3 Qd5 32. Re8+ Kf7 33.
Qe7+ Kg6 34. Qe3 Kf7 35. Re7+ Kf6 36. Re8 Kf7 37. Re5 Qd6 38. Qf3+ Kg6 39. Qg3+
Kf6 40. f4 Kf7 41. Qb3+ Kf8 42. Qxb7 Rxf4 43. Rd5 Qe7 44. Qc8+ Qe8 45. Qc5+ 1-0

[Event "Chigorin Mem Blitz 2014"]
[Site "St Petersburg RUS"]
[Date "2014.10.17"]
[Round "1.4"]
[White "Kharmunova, Nadezhda"]
[Black "Khismatullin, Denis"]
[Result "0-1"]
[WhiteTitle "WIM"]
[BlackTitle "GM"]
[WhiteElo "2206"]
[BlackElo "2681"]
[WhiteFideId "4195876"]
[BlackFideId "4142578"]
[EventDate "2014.10.17"]

1. e4 c5 2. Nf3 d6 3. d4 cxd4 4. Nxd4 Nf6 5. Nc3 a6 6. g3 e5 7. Nb3 Be7 8. Bg2
Nbd7 9. O-O b5 10. Be3 Bb7 11. a4 b4 12. Nd5 Nxd5 13. exd5 a5 14. f4 O-O 15.
fxe5 Nxe5 16. Nd4 Rc8 17. b3 Bg5 18. Bf2 Qd7 19. Qh5 h6 20. Bh3 Qd8 21. Bxc8
Qxc8 22. h4 Qh3 0-1

[Event "Chigorin Mem Blitz 2014"]
[Site "St Petersburg RUS"]
[Date "2014.10.17"]
[Round "1.5"]
[White "Bukavshin, Ivan"]
[Black "Khanin, Semen"]
[Result "1-0"]
[WhiteTitle "GM"]
[WhiteElo "2616"]
[BlackElo "2292"]
[WhiteFideId "4199758"]
[BlackFideId "4111990"]
[EventDate "2014.10.17"]

1. e4 c5 2. Nf3 e6 3. d4 cxd4 4. Nxd4 Nc6 5. Nc3 Qc7 6. Be2 a6 7. O-O Nf6 8. Be3
Be7 9. f4 d6 10. Qe1 Bd7 11. Qg3 O-O 12. Rae1 b5 13. a3 Nxd4 14. Bxd4 Bc6 15.
Kh1 Rad8 16. Bd3 Rd7 17. Re2 Qd8 18. Qh3 g6 19. f5 e5 20. Be3 a5 21. Bh6 Re8 22.
Ref2 b4 23. axb4 axb4 24. fxg6 hxg6 25. Ne2 d5 26. exd5 Bxd5 27. Bb5 Be6 28. Qf3
Ng4 29. Bxd7 Qxd7 30. Be3 Nxf2+ 31. Qxf2 Rc8 32. Ng1 Bf8 33. Nf3 Bg7 34. h3 Bd5
35. Rd1 Qc6 36. Rd2 Be4 37. Ng5 Bd5 38. Kh2 Rc7 39. Qh4 Rd7 40. Qh7+ Kf8 41. Rf2
Qd6 42. c3 bxc3 43. bxc3 e4+ 44. Bf4 Qe7 45. Rb2 Rd8 46. Qh4 Qd7 47. Nh7+ Kg8
48. Nf6+ Bxf6 49. Qxf6 Re8 50. Be5 Rxe5 51. Qxe5 f6 52. Qxf6 Qc7+ 53. Kh1 Bf7
54. Re2 Qc4 55. Re3 Qd5 56. Qd4 Qf5 57. Qxe4 Qf1+ 58. Kh2 Qf6 59. Qe5 Qc6 60.
Rf3 Qc4 61. Qf6 Qd5 62. Qxf7+ 1-0

[Event "Chigorin Mem Blitz 2014"]
[Site "St Petersburg RUS"]
[Date "2014.10.17"]
[Round "1.6"]
[White "Kovalevsky, Sergey"]
[Black "Potkin, Vladimir"]
[Result "0-1"]
[BlackTitle "GM"]
[WhiteElo "2236"]
[BlackElo "2610"]
[WhiteFideId "4144856"]
[BlackFideId "4131061"]
[EventDate "2014.10.17"]

1. b4 e5 2. Bb2 Bxb4 3. Bxe5 Nf6 4. Nf3 O-O 5. c4 Re8 6. e3 c5 7. Be2 Nc6 8. Bb2
d5 9. cxd5 Nxd5 10. O-O Qe7 11. a3 Ba5 12. d4 Bg4 13. Qb3 Rad8 14. dxc5 Qxc5 15.
Rc1 Qe7 16. h3 Bh5 17. Rf1 Nf4 18. Bd1 Nd3 19. Nd4 Bxd1 20. Rxd1 Nxb2 21. Qxb2
Bb6 22. Nc3 Nxd4 23. exd4 Bxd4 24. Qb3 Qf6 25. Rac1 Qxf2+ 26. Kh1 Bxc3 27. Qxc3
g6 28. Rf1 Qe3 29. Qc7 Qe7 30. Qf4 Rd7 31. Rb1 b6 32. Rbc1 Qxa3 33. Rce1 Rxe1
34. Rxe1 Qd6 35. Qf3 Kg7 36. Qc3+ Qd4 37. Qf3 a5 38. Qb3 a4 39. Qb5 a3 40. Qb3
Ra7 41. Qa2 b5 42. Rb1 b4 43. Rb3 h5 44. Kh2 h4 45. Kh1 Re7 46. Qb1 Qf2 47. Qa1+
Kg8 48. Rb1 a2 49. Rg1 b3 50. Kh2 Qg3+ 51. Kh1 Qe5 52. Rf1 Qxa1 53. Rxa1 Kg7 54.
Kh2 g5 55. g3 Re2+ 0-1

[Event "Chigorin Mem Blitz 2014"]
[Site "St Petersburg RUS"]
[Date "2014.10.17"]
[Round "1.7"]
[White "Shimanov, Aleksandr"]
[Black "Olkhovskiy, Alexander"]
[Result "1-0"]
[WhiteTitle "GM"]
[WhiteElo "2606"]
[BlackElo "2135"]
[WhiteFideId "4198603"]
[BlackFideId "34188611"]
[EventDate "2014.10.17"]

1. e4 Nf6 2. e5 Nd5 3. d4 d6 4. Nf3 Bg4 5. exd6 exd6 6. Be2 Be7 7. O-O O-O 8. h3
Bh5 9. Nbd2 Nf4 10. Bb5 c6 11. Ba4 d5 12. Re1 Bf6 13. Nf1 Ne6 14. c3 Nd7 15. Ng3
Bg6 16. Be3 Re8 17. Qd2 Nb6 18. Bb3 a5 19. a4 Qd6 20. Ne2 Re7 21. Nf4 Be4 22.
Nxe6 Rxe6 23. Bf4 Qe7 24. Nh2 Re8 25. Ng4 Nc4 26. Bxc4 dxc4 27. f3 Bd5 28. Ne3
h6 29. Kf2 Bh4+ 30. g3 Bg5 31. Nxd5 cxd5 32. Bxg5 hxg5 33. Rxe6 Qxe6 34. Rh1 Qf5
35. g4 Qf6 36. Re1 Kf8 37. Rxe8+ Kxe8 38. Qe3+ Qe7 39. Qe5 Qxe5 40. dxe5 Ke7 41.
Ke3 Ke6 42. f4 f6 43. Kf3 Kf7 44. exf6 gxf6 45. Kg3 Kg6 46. h4 gxh4+ 47. Kxh4
Kh6 48. Kg3 Kg6 49. Kf3 Kf7 50. Ke3 Ke6 51. Kd4 b6 52. g5 1-0

[Event "Chigorin Mem Blitz 2014"]
[Site "St Petersburg RUS"]
[Date "2014.10.17"]
[Round "1.8"]
[White "Tukubayev, K"]
[Black "Ponkratov, Pavel"]
[Result "1/2-1/2"]
[BlackTitle "GM"]
[WhiteElo "2160"]
[BlackElo "2617"]
[WhiteFideId "13708147"]
[BlackFideId "4157800"]
[EventDate "2014.10.17"]

1. e4 e6 2. d4 d5 3. exd5 exd5 4. Bd3 Bd6 5. Ne2 Qf6 6. O-O Ne7 7. c3 Nbc6 8.
Qc2 h5 9. Be3 h4 10. h3 Nf5 11. Nd2 Bd7 12. Nf3 Nxe3 13. fxe3 Qh6 14. Qd2 f5 15.
Nf4 Ne7 16. Ne5 g5 17. Ne2 Be6 18. c4 Bxe5 19. dxe5 O-O-O 20. Qa5 Nc6 21. Qc3
dxc4 22. Bxc4 Rhf8 23. Rad1 Rxd1 24. Rxd1 Nxe5 25. Qxe5 Bxc4 26. Rc1 Qe6 27. Qc5
Re8 28. Qxc4 Qxe3+ 29. Kh1 c6 30. Rc2 f4 31. Ng1 Re4 32. Qg8+ Kc7 33. Qxg5 Qd3
34. Rf2 Qd4 35. Re2 Rxe2 36. Nxe2 Qxb2 37. Qxf4+ Kc8 38. Qf8+ Kc7 39. Qe7+ Kb6
40. Qd8+ Ka6 41. Qd3+ b5 42. a3 c5 43. Qd6+ Ka5 44. Qxc5 a6 45. Qc3+ Qxc3 46.
Nxc3 b4 47. axb4+ Kxb4 48. Nd5+ Kc5 49. Nc3 Kc4 50. Na4 Kb4 51. Nb6 Kb5 52. Nd5
Kc4 53. Ne3+ Kc3 54. g4 hxg3 55. h4 Kd4 56. Nf5+ Ke5 57. Nxg3 a5 58. Ne2 a4 59.
Nc3 Kf4 1/2-1/2

[Event "Chigorin Mem Blitz 2014"]
[Site "St Petersburg RUS"]
[Date "2014.10.17"]
[Round "1.9"]
[White "Demidov, Mikhail"]
[Black "Zhikharev, Valeriy"]
[Result "1-0"]
[WhiteTitle "IM"]
[WhiteElo "2516"]
[BlackElo "2188"]
[WhiteFideId "4197143"]
[BlackFideId "4161920"]
[EventDate "2014.10.17"]

1. Nf3 e6 2. e4 d5 3. exd5 exd5 4. d4 Bd6 5. c4 dxc4 6. Bxc4 Nf6 7. O-O O-O 8.
Nc3 Bg4 9. h3 Bh5 10. Bg5 h6 11. Bh4 Nbd7 12. Qd3 Bg6 13. Qxg6 1-0

[Event "Chigorin Mem Blitz 2014"]
[Site "St Petersburg RUS"]
[Date "2014.10.17"]
[Round "1.10"]
[White "Kozhabekov, Adilkhan"]
[Black "Sjugirov, Sanan"]
[Result "0-1"]
[BlackTitle "GM"]
[WhiteElo "2107"]
[BlackElo "2664"]
[WhiteFideId "13702858"]
[BlackFideId "4189302"]
[EventDate "2014.10.17"]

1. d4 Nf6 2. Nf3 e6 3. Bg5 h6 4. Bh4 d6 5. Nbd2 Nbd7 6. e3 g5 7. Bg3 Nh5 8. Bd3
Bg7 9. c3 Qe7 10. Qc2 a6 11. a4 b6 12. Be4 Rb8 13. c4 f5 14. Bc6 O-O 15. O-O a5
16. Rfe1 Ndf6 17. h3 Nxg3 18. fxg3 Nh5 19. Nf1 e5 20. dxe5 dxe5 21. Bd5+ Kh8 22.
e4 c6 23. Bxc6 Qc5+ 24. Qf2 Qxc6 25. Rac1 fxe4 26. g4 exf3 27. gxh5 fxg2 28.
Qxg2 Qxg2+ 29. Kxg2 Bb7+ 30. Kg1 Rf3 31. Kh2 Rf2+ 0-1

[Event "Chigorin Mem Blitz 2014"]
[Site "St Petersburg RUS"]
[Date "2014.10.17"]
[Round "1.11"]
[White "Alekseev, Evgeny"]
[Black "Bivol, Alina"]
[Result "1-0"]
[WhiteTitle "GM"]
[BlackTitle "WIM"]
[WhiteElo "2682"]
[BlackElo "2208"]
[WhiteFideId "4138147"]
[BlackFideId "4100123"]
[EventDate "2014.10.17"]

1. e4 e6 2. d4 d5 3. Nc3 Bb4 4. exd5 exd5 5. Bd3 Ne7 6. Qh5 Nbc6 7. a3 Ba5 8.
Ne2 Qd6 9. O-O g6 10. Qf3 Bxc3 11. bxc3 Be6 12. Bf4 Qd7 13. Bg5 O-O-O 14. Rfe1
Rde8 15. Nf4 h6 16. Nxe6 fxe6 17. Bxe7 Nxe7 18. c4 Nf5 19. c3 Rhf8 20. Qh3 h5
21. Re5 Qc6 22. c5 Qa4 23. f4 Qb3 24. Bf1 Qb2 25. Ree1 Qd2 26. Rad1 Qxf4 27. Bd3
Qg5 28. Re5 Qh6 29. c6 bxc6 30. Rde1 Ng7 31. Qg3 Rf6 32. h3 h4 33. Qg4 Qd2 34.
Bxg6 Qf2+ 35. Kh1 Ref8 36. Bd3 Nf5 37. Bxf5 Rxf5 38. Rxe6 Kb7 39. Qg6 R8f6 40.
Qe8 Rxe6 41. Qxe6 Rg5 42. Rb1+ Ka6 43. Qxc6+ 1-0

[Event "Chigorin Mem Blitz 2014"]
[Site "St Petersburg RUS"]
[Date "2014.10.17"]
[Round "1.12"]
[White "Lupik, Marina"]
[Black "Rakhmanov, Aleksandr"]
[Result "0-1"]
[WhiteTitle "WIM"]
[BlackTitle "GM"]
[WhiteElo "2190"]
[BlackElo "2636"]
[WhiteFideId "4177495"]
[BlackFideId "4173708"]
[EventDate "2014.10.17"]

1. e4 c5 2. c3 e6 3. d4 d5 4. exd5 exd5 5. Nf3 Nc6 6. Be2 Bd6 7. O-O Nge7 8.
dxc5 Bxc5 9. Bf4 Ng6 10. Bg3 O-O 11. Nbd2 f5 12. Nb3 Bb6 13. h3 f4 14. Bh2 Bf5
15. Nfd4 Be4 16. Ne6 Qf6 17. Nxf8 Rxf8 18. Bf3 Kh8 19. Re1 Qf5 20. Bxe4 dxe4 21.
Qg4 e3 22. fxe3 Qe4 23. Kh1 Nce5 24. Nd2 Qc6 25. Qe2 fxe3 26. Nf3 Rxf3 27. Rf1
Rxf1+ 28. Rxf1 Qe8 29. Bxe5 Nxe5 30. Qb5 Nc6 31. Qe2 h6 32. Rf3 Qe7 33. Kh2 Ne5
34. Rf1 Qc7 35. Kh1 Qe7 36. Rd1 Nd7 37. Rd3 Nf6 38. Rd1 Ne4 39. Kg1 Nf2 40. Rd5
Ne4 41. Kh2 Nf6 42. Rd3 Qe5+ 43. Kg1 Kh7 44. Rd1 Qf5 45. Qd3 Qxd3 46. Rxd3 e2+ 0-1

[Event "Chigorin Mem Blitz 2014"]
[Site "St Petersburg RUS"]
[Date "2014.10.17"]
[Round "2.1"]
[White "Yaksin, Oleg"]
[Black "Smirin, Ilia"]
[Result "0-1"]
[BlackTitle "GM"]
[WhiteElo "2388"]
[BlackElo "2655"]
[WhiteFideId "24105880"]
[BlackFideId "2801990"]
[EventDate "2014.10.17"]

1. d4 Nf6 2. Nf3 g6 3. Bg5 Bg7 4. Nbd2 O-O 5. e4 d5 6. e5 Ne4 7. Be3 c5 8. c3
cxd4 9. cxd4 Nc6 10. Bd3 Bf5 11. Nb3 a5 12. O-O Qb6 13. Qe2 a4 14. Nc5 a3 15.
bxa3 Rxa3 16. Bxe4 dxe4 17. Nh4 Bc8 18. Rfd1 f5 19. d5 Nxe5 20. Ne6 Rxe3 21.
fxe3 Bxe6 22. dxe6 Qxe6 23. g3 g5 24. Ng2 Nf3+ 25. Kh1 Bxa1 26. Rxa1 Rd8 27. Rb1
Rd2 28. Qb5 Qd7 29. Qc4+ e6 30. Qb3 b5 31. h4 h6 32. Rf1 Kh7 33. Qc3 e5 34. Qc5
f4 35. Qb6 Qh3# 0-1

[Event "Chigorin Mem Blitz 2014"]
[Site "St Petersburg RUS"]
[Date "2014.10.17"]
[Round "2.2"]
[White "Andriasian, Zaven"]
[Black "Akhmetov, Ayan"]
[Result "1-0"]
[WhiteTitle "GM"]
[BlackTitle "IM"]
[WhiteElo "2622"]
[BlackElo "2350"]
[WhiteFideId "13302000"]
[BlackFideId "13703706"]
[EventDate "2014.10.17"]

1. e4 e6 2. d3 c5 3. Nf3 Nc6 4. g3 g6 5. Bg2 Bg7 6. h4 Nf6 7. Nc3 d5 8. O-O O-O
9. Bf4 b6 10. e5 Nh5 11. Bg5 f6 12. exf6 Bxf6 13. Re1 Bxg5 14. Nxg5 Qf6 15. Qd2
Ng7 16. Nb5 Bd7 17. c4 Ne7 18. a4 h6 19. Nf3 Bxb5 20. axb5 Ngf5 21. Ne5 Nd4 22.
Nd7 Qf5 23. Nxf8 Qxf8 24. cxd5 Nxd5 25. Rxe6 Nxe6 26. Bxd5 Re8 27. Rxa7 Kh8 28.
Bxe6 Rxe6 29. Qc3+ Kg8 30. Qc4 Qe8 31. Qd5 1-0

[Event "Chigorin Mem Blitz 2014"]
[Site "St Petersburg RUS"]
[Date "2014.10.17"]
[Round "2.3"]
[White "Lesovoi, Evgenij"]
[Black "Kazhgaleyev, Murtas"]
[Result "0-1"]
[BlackTitle "GM"]
[WhiteElo "2243"]
[BlackElo "2566"]
[WhiteFideId "24164135"]
[BlackFideId "13700316"]
[EventDate "2014.10.17"]

1. d4 e6 2. Nf3 Nf6 3. c4 Bb4+ 4. Bd2 Qe7 5. g3 Bxd2+ 6. Qxd2 Nc6 7. Bg2 Ne4 8.
Qc2 Qb4+ 9. Kf1 d5 10. cxd5 exd5 11. a3 Qd6 12. Nc3 Bf5 13. Qb3 Nxc3 14. bxc3
O-O 15. Ng1 Rfd8 16. Bf3 Na5 17. Qb4 Nc4 18. Kg2 Qc6 19. Rd1 a5 20. Qb3 Ra6 21.
Qa2 Rb6 22. Nh3 Rb2 23. Qa1 Be4 24. Rhe1 Re8 25. Qc1 h6 26. Nf4 Rc2 27. Qa1 Nd6
28. Nd3 Qxc3 29. Nc5 Bxf3+ 30. exf3 Rxe1 31. Rxe1 Qxa1 32. Rxa1 b6 33. Nd3 f6
34. Rb1 Kf7 35. Nf4 g5 36. Nxd5 Nf5 37. g4 Nxd4 38. Kg3 Ke6 39. Ne3 Ne2+ 40. Kg2
Nf4+ 41. Kg3 Rc3 42. a4 Nd5 43. Nf5 Rc4 44. Re1+ Kd7 45. Nxh6 Rxa4 46. Rd1 c6
47. Ng8 Ke6 48. Re1+ Kd6 49. Rd1 Kc7 50. h4 gxh4+ 51. Kxh4 Ra2 52. Kg3 b5 53. f4
Ra3+ 54. f3 b4 55. g5 fxg5 56. fxg5 Ne3 57. Re1 Nf5+ 58. Kf4 Nh4 59. Kg4 Nxf3
60. Re7+ Kd6 61. g6 Nh2+ 62. Kf4 Rf3+ 63. Ke4 Rg3 64. Rh7 Rxg6 65. Nh6 Nf1 66.
Nf5+ Kc5 67. Ra7 Ng3+ 68. Nxg3 Rxg3 69. Rxa5+ Kc4 70. Ra6 c5 71. Rc6 b3 0-1

[Event "Chigorin Mem Blitz 2014"]
[Site "St Petersburg RUS"]
[Date "2014.10.17"]
[Round "2.4"]
[White "Khismatullin, Denis"]
[Black "Sichinava, Zviad"]
[Result "1-0"]
[WhiteTitle "GM"]
[WhiteElo "2681"]
[BlackElo "2275"]
[WhiteFideId "4142578"]
[BlackFideId "24111716"]
[EventDate "2014.10.17"]

1. d4 Nf6 2. c4 c5 3. d5 b5 4. cxb5 a6 5. bxa6 Bxa6 6. Nc3 d6 7. Nf3 Nbd7 8. g3
g6 9. e4 Bxf1 10. Kxf1 Bg7 11. Kg2 O-O 12. Qe2 Qb6 13. Bf4 Rfb8 14. Rab1 Ng4 15.
Rhc1 Qa5 16. Bg5 Kf8 17. Bd2 Rb6 18. Rc2 Rab8 19. b3 Qa8 20. Be1 e6 21. dxe6
fxe6 22. Ng5 Ngf6 23. Nxe6+ Kf7 24. Nxg7 Kxg7 25. Rd1 Re8 26. f3 d5 27. Nxd5
Nxd5 28. Rxd5 1-0

[Event "Chigorin Mem Blitz 2014"]
[Site "St Petersburg RUS"]
[Date "2014.10.17"]
[Round "2.5"]
[White "Duzhakov, Ilya"]
[Black "Bukavshin, Ivan"]
[Result "0-1"]
[WhiteTitle "FM"]
[BlackTitle "GM"]
[WhiteElo "2341"]
[BlackElo "2616"]
[WhiteFideId "4192516"]
[BlackFideId "4199758"]
[EventDate "2014.10.17"]

1. d4 d5 2. c4 e6 3. Nc3 c6 4. Nf3 Nf6 5. e3 Nbd7 6. Qc2 Bd6 7. b3 O-O 8. Bb2
Qe7 9. Be2 b6 10. O-O Bb7 11. Rad1 Rad8 12. Rfe1 Rfe8 13. Bf1 e5 14. cxd5 e4 15.
Ne5 cxd5 16. Nb5 Rc8 17. Qb1 Bb8 18. g3 a6 19. Na3 h5 20. Bh3 Rcd8 21. Nxd7 Nxd7
22. Nc2 h4 23. a4 Qg5 24. Re2 Nf6 25. Ne1 Bc8 26. Bxc8 Rxc8 27. Rc1 Qg4 28. Rxc8
Qxe2 29. Rxe8+ Nxe8 30. Qc1 0-1

[Event "Chigorin Mem Blitz 2014"]
[Site "St Petersburg RUS"]
[Date "2014.10.17"]
[Round "2.6"]
[White "Potkin, Vladimir"]
[Black "Chashchev, Sergey"]
[Result "1-0"]
[WhiteTitle "GM"]
[BlackTitle "FM"]
[WhiteElo "2610"]
[BlackElo "2390"]
[WhiteFideId "4131061"]
[BlackFideId "4134516"]
[EventDate "2014.10.17"]

1. d4 d6 2. e4 Nf6 3. Nc3 Nbd7 4. Nf3 e5 5. Bc4 Be7 6. O-O O-O 7. a4 c6 8. Re1
Qc7 9. b3 b6 10. d5 Bb7 11. dxc6 Bxc6 12. Bg5 a6 13. Qe2 Qb7 14. Nd2 h6 15. Bxf6
Nxf6 16. Rad1 Rfb8 17. Nf1 Bf8 18. Nd5 Bxd5 19. Bxd5 Nxd5 20. Rxd5 b5 21. axb5
axb5 22. Ne3 Ra2 23. h4 Qc6 24. Red1 g6 25. h5 Qe8 26. g3 Qe6 27. hxg6 fxg6 28.
Rxb5 Rxb5 29. Qxb5 Qh3 30. Qf1 Qh5 31. Ra1 Rxa1 32. Qxa1 Qf3 33. Qa4 h5 34. Qc4+
Kg7 35. b4 h4 36. gxh4 Be7 37. Qd3 Qf4 38. Nd5 Qg4+ 39. Kf1 Bxh4 40. b5 1-0

[Event "Chigorin Mem Blitz 2014"]
[Site "St Petersburg RUS"]
[Date "2014.10.17"]
[Round "2.7"]
[White "Tseitlin, Mark D"]
[Black "Shimanov, Aleksandr"]
[Result "0-1"]
[WhiteTitle "GM"]
[BlackTitle "GM"]
[WhiteElo "2320"]
[BlackElo "2606"]
[WhiteFideId "2800128"]
[BlackFideId "4198603"]
[EventDate "2014.10.17"]

1. e4 c6 2. d4 d5 3. Nc3 dxe4 4. Nxe4 Bf5 5. Ng3 Bg6 6. h4 h6 7. Nf3 Nd7 8. h5
Bh7 9. Bd3 Bxd3 10. Qxd3 e6 11. Bd2 a5 12. O-O-O Bb4 13. Rhe1 Ngf6 14. c3 Be7
15. Qe2 O-O 16. Kb1 a4 17. Ne5 a3 18. b3 Qc7 19. Ng6 Rfe8 20. Nxe7+ Rxe7 21. Ne4
Nxe4 22. Qxe4 c5 23. d5 Nf6 24. Qf4 e5 25. Qc4 Qd6 26. g4 Qxd5 27. Qxd5 Nxd5 28.
c4 Nf6 29. g5 Nxh5 30. gxh6 g6 31. f4 e4 32. f5 Rae8 33. fxg6 fxg6 34. Be3 b6
35. Rd6 Re6 36. Red1 Nf6 37. Rxe6 Rxe6 38. Kc2 Kh7 39. b4 cxb4 40. Kb3 g5 41.
Bxg5 e3 42. Re1 Ng4 43. Kxb4 e2 44. Kb5 Nf2 45. c5 bxc5 46. Kc4 Kg6 47. Bh4 Nh3
48. Kd3 Nf4+ 49. Kd2 c4 50. Bg3 c3+ 51. Kxc3 Re3+ 52. Kd2 Rxg3 53. Rb1 Rd3+ 54.
Ke1 Re3 55. Rb6+ Kh7 56. Rb7+ Kxh6 0-1

[Event "Chigorin Mem Blitz 2014"]
[Site "St Petersburg RUS"]
[Date "2014.10.17"]
[Round "2.8"]
[White "Sadovsky, Artem"]
[Black "Demidov, Mikhail"]
[Result "0-1"]
[BlackTitle "IM"]
[WhiteElo "2364"]
[BlackElo "2516"]
[WhiteFideId "4155840"]
[BlackFideId "4197143"]
[EventDate "2014.10.17"]

1. g3 g6 2. Bg2 Bg7 3. d4 c5 4. dxc5 Na6 5. Nf3 Nxc5 6. O-O Nf6 7. c3 O-O 8. Be3
Qc7 9. Na3 a6 10. Nc2 d6 11. h3 b5 12. Nb4 Bb7 13. Nd3 Na4 14. Qc2 Rfc8 15. Rad1
Rab8 16. Qb1 e5 17. Nb4 a5 18. Nc2 b4 19. Bd2 bxc3 20. Bg5 cxb2 21. Rd2 Bxf3 22.
Bxf3 Nc3 0-1

[Event "Chigorin Mem Blitz 2014"]
[Site "St Petersburg RUS"]
[Date "2014.10.17"]
[Round "2.9"]
[White "Sjugirov, Sanan"]
[Black "Ulko, Jaroslav"]
[Result "0-1"]
[WhiteTitle "GM"]
[BlackTitle "IM"]
[WhiteElo "2664"]
[BlackElo "2489"]
[WhiteFideId "4189302"]
[BlackFideId "4116658"]
[EventDate "2014.10.17"]

1. Nf3 d5 2. d4 Bf5 3. g3 c6 4. Bg2 e6 5. c4 Nd7 6. Nc3 h6 7. O-O Ngf6 8. b3 Be7
9. Bb2 Ne4 10. e3 O-O 11. Nd2 Nxc3 12. Bxc3 Nf6 13. Qe2 a5 14. a3 Qb6 15. Rfc1
Qa6 16. Bf1 Ne4 17. Nxe4 Bxe4 18. Qb2 Qb6 19. c5 Qc7 20. b4 axb4 21. axb4 h5 22.
Ra3 h4 23. Rca1 Rab8 24. b5 Qd7 25. Ra7 Qe8 26. bxc6 bxc6 27. Rb7 Rxb7 28. Qxb7
hxg3 29. fxg3 Bg5 30. Bd2 e5 31. Qb2 exd4 32. exd4 Qe7 33. Bxg5 Qxg5 34. Qc1 Qf6
35. Qe3 Rb8 36. Qf2 Qxf2+ 37. Kxf2 Rb2+ 38. Ke3 Rb3+ 39. Kf2 Rb2+ 40. Ke3 Rb3+
41. Kd2 Rf3 42. Be2 Rf2 43. Ke3 Rxh2 44. Ra6 Rh6 45. Bd1 Re6 46. Kd2 Bf5 47. g4
Bg6 48. Ba4 Re4 49. Kc3 Re3+ 50. Kb4 Rd3 51. Ra8+ Kh7 52. Bxc6 Rxd4+ 53. Ka5 Rc4
54. Kb6 Rb4+ 55. Kc7 d4 56. Rd8 d3 57. Bb7 Rb2 58. Ba6 d2 59. c6 Be4 60. Rd4 Rc2
61. Bb5 Kh6 62. Ba4 Ra2 63. Bb3 Rb2 64. Bxf7 Bf3 65. Rd6+ Kg5 66. Bc4 d1=Q 67.
Rxd1 Bxd1 68. Kd6 Rc2 69. Bb3 Rd2+ 70. Bd5 Bxg4 71. c7 Rxd5+ 72. Kxd5 Kf4 73.
Kd4 g5 0-1

[Event "Chigorin Mem Blitz 2014"]
[Site "St Petersburg RUS"]
[Date "2014.10.17"]
[Round "2.10"]
[White "Akkozov, Berik"]
[Black "Alekseev, Evgeny"]
[Result "0-1"]
[WhiteTitle "IM"]
[BlackTitle "GM"]
[WhiteElo "2361"]
[BlackElo "2682"]
[WhiteFideId "13704214"]
[BlackFideId "4138147"]
[EventDate "2014.10.17"]

1. d4 Nf6 2. c4 e6 3. Nf3 d5 4. Nc3 Bb4 5. cxd5 exd5 6. Bg5 Nbd7 7. e3 h6 8. Bh4
g5 9. Bg3 Ne4 10. Qc2 Nb6 11. Nd2 Nxg3 12. hxg3 Be6 13. Bd3 c6 14. a3 Bd6 15. e4
dxe4 16. Ndxe4 Qe7 17. O-O O-O-O 18. b4 Kb8 19. Nc5 h5 20. Rfe1 h4 21. g4 h3 22.
g3 h2+ 23. Kh1 Bxc5 24. dxc5 Nd5 25. Bf5 Nxc3 26. Bxe6 Nb5 27. Bd5 Qd7 28. Bf3
Nd4 29. Qc3 f5 30. Rad1 fxg4 31. Bg2 Qg7 32. Re4 Nf3 33. Rxd8+ Rxd8 34. Qxg7
Rd1+ 0-1